000 00616nam a2200253Ia 4500
005 20260121161143.0
008 008 260114s9999 xx 000 0 eng d
020 _a9781003170624
037 _aEBOOK
040 _aCRL
040 _beng
040 _cCRL
041 _2eng
041 _aeng
084 _qCRL
100 _aJason Neidleman; Masano Yamashita
_91040872
245 0 _aFrameworks of Time in Rousseau:
260 _bTaylor and Francis
260 _c2024
856 _uhttp://www.taylorfrancis.com/books/9781003170624
942 _cEBOOK
999 _c1607688
_d1607688